000 00962cab a2200229 4500
001 L136201
008 070117n2007 000 0 eng u
035 _a(Sirsi) u136201
041 0 _aeng
050 _a333.333 $2 18
110 2 _aRightmove
245 0 0 _aRightmove house price index
_bDecember 2006
_h[electronic resource]
260 _aLondon
_bRightmove
_c2007
490 0 _aRightmove House Price Index
_vDecember 2006
520 _aA monthly sample of residential property prices. The December index shows that average asking prices dropped by 0.3% whilst the annual rate hit its highest level for over two years at 13%. The forecast for 2007 is a 6% rise as pace slows.
590 _aKA
650 2 4 _aRIGHTMOVE HOUSE PRICE INDEX
651 4 _aUnited Kingdom
_y
690 _aPROPERTY-RESIDENTIAL PROPERTY-RESIDENTIAL PROPERTY MARKET
856 4 0 _uhttps://www.rightmove.co.uk/
_zView the index free of charge at www.rightmove.co.uk...
942 _n0
999 _c78190
_d78190